Every Man"s Library / (Record no. 188271)
[ view plain ]
| 000 -LEADER | |
|---|---|
| fixed length control field | 01190 a2200169 4500 |
| 003 - CONTROL NUMBER IDENTIFIER | |
| control field | Nust |
| 005 - DATE AND TIME OF LATEST TRANSACTION | |
| control field | 20230131134734.0 |
| 040 ## - CATALOGING SOURCE | |
| Transcribing agency | Nust |
| 082 ## - DEWEY DECIMAL CLASSIFICATION NUMBER | |
| Classification number | 808.83,POE |
| 100 ## - MAIN ENTRY--PERSONAL NAME | |
| Personal name | Poe, Edgar Allan |
| 9 (RLIN) | 1272 |
| 245 ## - TITLE STATEMENT | |
| Title | Every Man"s Library / |
| Statement of responsibility, etc. | Edgar Allan Poe and Edit: Ernest Rhys |
| 260 ## - PUBLICATION, DISTRIBUTION, ETC. | |
| Place of publication, distribution, etc. | New York |
| Name of publisher, distributor, etc. | J.M.Dent & Son |
| 300 ## - PHYSICAL DESCRIPTION | |
| Extent | 526: |
| 505 ## - FORMATTED CONTENTS NOTE | |
| Formatted contents note | WWilliam Wilson (Page-3), A Talks of The Ragged Mountains (Page-21), The Domain of Arnheim (Page-45), Landor’s Cottage (Page-45), The Elk (Page-56),The Island of The Fax (Page-60), The Sphinx (Page-65), The Cold Bug (Page-69), The Man of The Growd (Page-101), Shadow (Page-109), Silenck (Page-111), The Assignation (Page-145), Ligeia (Page-155), Mrella (Page-182), The oval Portrait (Page-187), The Masque of The Red Death (Page-201), The Cask of Amontillado (Page-207), Metzengerstein (Page-213), Hope Frog (Page-234),MS Found in a Bottle (Page-258), The Premature Burial (Page-268), The Tell Tale Heart (Page-289), Mellonta Tauta (Page-294), The Oblong Box (Page-323), The Spectacles (Page-333), Bon Bon (Page-496),The Drvil The Belfry (page-511) The Black Cat (Page-518) |
| 650 ## - SUBJECT ADDED ENTRY--TOPICAL TERM | |
| Topical term or geographic name entry element | Fiction |
| 9 (RLIN) | 3172 |
| 942 ## - ADDED ENTRY ELEMENTS (KOHA) | |
| Source of classification or shelving scheme | |
| Koha item type | Book |
| Call number prefix | 808.83,POE |
| Withdrawn status | Lost status | Source of classification or shelving scheme | Damaged status | Not for loan | Permanent Location | Current Location | Shelving location | Date acquired | Full call number | Barcode | Date last seen | Price effective from | Koha item type | Public note |
|---|---|---|---|---|---|---|---|---|---|---|---|---|---|---|
| Military College of Signals (MCS) | Military College of Signals (MCS) | General Stacks | 12/12/2016 | 808.83,POE | MCS29856 | 12/08/2016 | 12/12/2016 | Book | Almirah No. 57, Shelf No.1 |
